| 000 | 00542nam a2200169Ia 4500 | ||
|---|---|---|---|
| 008 | 090711s9999 xx 000 0 und d | ||
| 082 | _b77010 | ||
| 100 | _aजाधव रा. ग. | ||
| 245 | _aकविता आणि रसिकता | ||
| 260 |
_bपरिमल प्रकाशन _c1995 |
||
| 300 | _a216 | ||
| 600 | _aजाधव रा. ग. | ||
| 630 | _aकविता आणि रसिकता | ||
| 700 | _aजाधव रा. ग. | ||
| 730 | _aकविता आणि रसिकता | ||
| 942 | _cBOOK | ||
| 999 |
_c329324 _d329324 |
||